000
00220nam a22000857a 4500
008
160907b xxu||||| |||| 00| 0 eng d
100
_9
320
_a
Chhibber S.N
245
_a
Mathematics-IX
260
_a
New Delhi
_b
ABD publication
_c
2011
999
_c
2980
_d
2980